| 000 | 01017cam a22002054a 4500 | ||
|---|---|---|---|
| 005 | 20250605164117.0 | ||
| 008 | 250528s ||||||||||||||||||||||||d | ||
| 035 | _a18112 | ||
| 020 | _a201192497 | ||
| 040 |
_aGR-AtMCL _bgre _dGR-AtMCL _eAACR2 |
||
| 245 | 1 | _aFunctional Programming / International Computer Science Series | |
| 260 |
_bAddison-Wesley Publishing Company, _c1988 |
||
| 300 | _a604 | ||
| 520 | _aThis authoritative book presents a clear introduction to the fast developing field of dis functional programming. Preface, Programming with Functions, Introducing Functions, Higher-Order Functions, Alternative Functional Styles, Implementation, Intermediate Forms, Interpretation Techniques, An Introduction to Graph Reduction, Combinator Reduction, Dataflow Implementations, Garbage Collection, Optimization, Memorization, Abstract Interpretation, Bibliography, Index. | ||
| 700 | 1 |
_aField Anthony J _94402 |
|
| 700 | 1 |
_aHarrison Peter G _94403 |
|
| 942 | _cBK | ||
| 999 |
_c3496 _d3496 |
||